header

Cross-border governance in Asia (Record no. 120668)

MARC details
000 -LEADER
fixed length control field 01581nam a2200385Ia 4500
082 04 - DEWEY DECIMAL CLASSIFICATION NUMBER
Classification number 327.8
245 00 - TITLE STATEMENT
Title Cross-border governance in Asia
260 ## - PUBLICATION, DISTRIBUTION, ETC. (IMPRINT)
Place of publication Tokyo ;
-- New York :
Name of publisher United Nations University Press,
Year of publication c2011.
300 ## - PHYSICAL DESCRIPTION
Number of Pages xvii, 322 p. :
Other physical details ill.
490 1# - SERIES STATEMENT
Series statement Trends and innovations in governance series
650 #0 - SUBJECT ADDED ENTRY--TOPICAL TERM
Topical Term Asian cooperation.
Topical Term Regionalism
Topical Term Regionalism (International organization)
700 1# - ADDED ENTRY--PERSONAL NAME
Personal name Cheema, G. Shabbir.
Personal name McNally, Christopher A.
Personal name Popovski, Vesselin.
856 40 - ELECTRONIC LOCATION AND ACCESS
Uniform Resource Identifier http://site.ebrary.com/lib/rucke/Doc?id=10484263

No items available.

© 2026 Rongo University
Contact us: librarian | system librarian | Rongo university